| 000 | 00561nam a2200181 i 4500 | ||
|---|---|---|---|
| 001 | 62564 | ||
| 003 | ES-MaACL | ||
| 005 | 20251004063111.0 | ||
| 007 | t| | ||
| 008 | 031124s1941 sp ||||1| spa d | ||
| 100 | 1 |
_aFernández Galiano, Emilio, _d1885-1953 _949799 |
|
| 245 | 1 | 0 |
_aCompendio de biología general / _cEmilio Fernández Galiano. |
| 260 |
_aMadrid : _bS.A.E.T.A., _c1941 ( _fGráfica Administrativa) |
||
| 300 |
_a460 p. ; _c22 cm. |
||
| 650 | 0 | 7 |
_aBiología _2embne _910580 |
| 852 |
_aES-MaACL _jE-412 _bR.19002 |
||
| 999 |
_c62564 _d62564 |
||